000
00310cam a2200145ua 4500
041
_a
eng
_h
082
_a
821
_b
MUR/OR
100
_a
Murray, Gilbert .
245
0
0
_a
oresteia
260
_a
London :
_b
George allen & unwin ltd ,
_c
1956.
300
_a
266 ; .
504
_a
942
_c
BK
999
_c
616
_d
616